[Event "Muensterland Verbandsklasse 1516"]
[Site "Germany"]
[Date "2016.04.30"]
[Round "8.6"]
[White "Herding, Rudolf"]
[Black "Musholt, Joachim"]
[Result "0-1"]
[WhiteElo "1568"]
[BlackElo "1651"]
[PlyCount "84"]
[EventDate "2015.09.19"]
[EventType "team"]
[EventRounds "9"]
[EventCountry "GER"]
[SourceTitle "EXT 2017"]
[Source "ChessBase"]
[SourceDate "2016.10.25"]
[SourceVersion "1"]
[SourceVersionDate "2016.10.25"]
[SourceQuality "1"]
[WhiteTeam "Nordwalde"]
[BlackTeam "Suedlohn II"]
[WhiteTeamCountry "GER"]
[BlackTeamCountry "GER"]

1. e4 c5 2. Nf3 Nc6 3. c3 Nf6 4. d3 d6 5. Be2 g6 6. 0-0 Bg7 7. Nbd2 e5 8. Rb1 0-0 9. Qb3 Qc7 10. Nc4 h6 11. Ne3 Ne7 12. c4 Nh5 13. Nd5 Nxd5 14. cxd5 f5 15. Nh4 Qf7 16. Bxh5 gxh5 17. Nxf5 Bxf5 18. exf5 b6 19. Qc4 Qxf5 20. Qe4 Rac8 21. b3 Rc7 22. f3 b5 23. Bd2 Rcf7 24. Rfc1 Rc8 25. b4 a6 26. bxc5 dxc5 27. Qxf5 Rxf5 28. Rc2 Rf7 29. Rbc1 Rfc7 30. d6 Rd7 31. Rxc5 Rxc5 32. Rxc5 Rxd6 33. Rc8+ Kf7 34. Rc7+ Kg6 35. Rc3 e4 36. Rb3 exd3 37. g3 Bf6 38. Kg2 Kf5 39. Rb4 Rc6 40. Rf4+ Kg6 41. g4 Rc2 42. gxh5+ Kf7 0-1

[Event "Steinfurt Bezirksklasse 1415"]
[Site "Germany"]
[Date "2015.05.16"]
[Round "9.2"]
[White "Schneider, Richard2"]
[Black "Herding, Rudolf"]
[Result "1-0"]
[WhiteElo "1448"]
[BlackElo "1600"]
[PlyCount "31"]
[EventDate "2014.09.20"]
[EventType "team-tourn"]
[EventRounds "9"]
[EventCountry "GER"]
[SourceTitle "EXT 2016"]
[Source "ChessBase"]
[SourceDate "2015.10.08"]
[SourceVersion "1"]
[SourceVersionDate "2015.10.08"]
[SourceQuality "1"]
[WhiteTeam "Emsdetten Rochade V"]
[BlackTeam "Nordwalde II"]
[WhiteTeamCountry "GER"]
[BlackTeamCountry "GER"]

1. d4 d5 2. c4 dxc4 3. e3 e5 4. Qa4+ Bd7 5. Qxc4 exd4 6. Qxd4 Nc6 7. Qd1 Bb4+ 8. Bd2 Nf6 9. Be2 Ne4 10. Bxb4 Nxb4 11. a3 Nc6 12. Qc2 Bf5 13. Qb3 Nc5 14. Qc3 Qd7 15. Qxc5 Rd8 16. Nf3 1-0

[Event "Steinfurt Bezirksklasse 1415"]
[Site "Germany"]
[Date "2014.09.20"]
[Round "1.1"]
[White "Von Gorissen, Rolf Ruediger"]
[Black "Herding, Rudolf"]
[Result "1-0"]
[WhiteElo "1381"]
[BlackElo "1600"]
[PlyCount "123"]
[EventDate "2014.09.20"]
[EventType "team-tourn"]
[EventRounds "9"]
[EventCountry "GER"]
[SourceTitle "EXT 2016"]
[Source "ChessBase"]
[SourceDate "2015.10.08"]
[SourceVersion "1"]
[SourceVersionDate "2015.10.08"]
[SourceQuality "1"]
[WhiteTeam "Steinfurt IV"]
[BlackTeam "Nordwalde II"]
[WhiteTeamCountry "GER"]
[BlackTeamCountry "GER"]

1. Nf3 Nf6 2. g3 g6 3. Bg2 Bg7 4. 0-0 0-0 5. c4 e6 6. d4 d5 7. c5 b6 8. b4 a5 9. Bd2 axb4 10. Bxb4 Nc6 11. Bc3 Ne4 12. cxb6 cxb6 13. e3 Ba6 14. Re1 Bc4 15. a3 b5 16. Nfd2 Nxc3 17. Nxc3 b4 18. axb4 Nxb4 19. Rxa8 Qxa8 20. Nxc4 Qc6 21. Bf1 dxc4 22. Qa4 Qxa4 23. Nxa4 Nd3 24. Bxd3 cxd3 25. Rd1 Ra8 26. Nc5 e5 27. dxe5 Bxe5 28. Nxd3 Bf6 29. Kf1 Kg7 30. Nc5 Be7 31. Ne4 f5 32. Nd2 Kf6 33. Nf3 g5 34. h3 h5 35. Rb1 Ra6 36. Rb5 Bd6 37. Nd4 Be5 38. Nb3 Rd6 39. Ke2 Bc3 40. Rc5 Bb2 41. Rc2 Ba3 42. Nd4 Bb4 43. Rc6 Ke5 44. Nf3+ Kf6 45. Rxd6+ Bxd6 46. h4 g4 47. Nd2 Bb4 48. Nc4 Ke6 49. Nb2 Kf6 50. Nd3 Bd6 51. Nf4 Bxf4 52. gxf4 Ke6 53. Kd2 Kd6 54. Kc2 Kc5 55. Kc3 Kd5 56. Kd3 Ke6 57. Kc4 Kd6 58. Kd4 Ke6 59. Kc5 Kf7 60. Kd6 Kf6 61. Kd5 Kg7 62. Ke5 1-0

[Event "Steinfurt Bezirksklasse 1314"]
[Site "Germany"]
[Date "2014.02.22"]
[Round "5.1"]
[White "Herding, Rudolf"]
[Black "Edenfeld, Werner"]
[Result "1-0"]
[WhiteElo "1567"]
[BlackElo "1160"]
[PlyCount "58"]
[EventDate "2013.10.05"]
[EventType "team-tourn"]
[EventRounds "9"]
[EventCountry "GER"]
[SourceTitle "EXT 2015"]
[Source "ChessBase"]
[SourceDate "2014.11.20"]
[SourceVersion "1"]
[SourceVersionDate "2014.11.20"]
[SourceQuality "1"]
[WhiteTeam "Nordwalde II"]
[BlackTeam "Steinfurt IV"]
[WhiteTeamCountry "GER"]
[BlackTeamCountry "GER"]

1. d4 d5 2. c4 e6 3. Nc3 Bb4 4. Bd2 Nf6 5. a3 Bxc3 6. Bxc3 Ne4 7. e3 Nxc3 8. bxc3 0-0 9. Nf3 Nc6 10. Qc2 f5 11. cxd5 exd5 12. c4 Be6 13. cxd5 Bxd5 14. Bc4 g6 15. Qb3 Bxc4 16. Qxc4+ Kh8 17. Rb1 Na5 18. Qc5 b6 19. Qe5+ Kg8 20. Rc1 Qd6 21. Ke2 Rac8 22. Rc3 Rfe8 23. Qxd6 cxd6 24. Rhc1 Rxc3 25. Rxc3 Re7 26. Kd3 h5 27. Rc8+ Kg7 28. Rb8 Rb7 29. Rd8 Nb3 1-0

[Event "Steinfurt Bezirksliga 1112"]
[Site "Germany"]
[Date "2012.01.07"]
[Round "4.4"]
[White "Miethe, Christoph"]
[Black "Herding, Rudolf"]
[Result "1-0"]
[WhiteElo "1611"]
[BlackElo "1606"]
[PlyCount "65"]
[EventDate "2011.10.01"]
[EventType "team-tourn"]
[EventRounds "9"]
[EventCountry "GER"]
[SourceTitle "EXT 2013"]
[Source "ChessBase"]
[SourceDate "2012.11.22"]
[SourceVersion "1"]
[SourceVersionDate "2012.11.22"]
[SourceQuality "1"]
[WhiteTeam "Neuenkirchen II"]
[BlackTeam "Nordwalde II"]
[WhiteTeamCountry "GER"]
[BlackTeamCountry "GER"]

1. e4 c5 2. c3 e6 3. d4 cxd4 4. cxd4 Bb4+ 5. Nc3 Nc6 6. Nf3 Nge7 7. Bd3 d5 8. e5 Nf5 9. a3 Ba5 10. b4 Bb6 11. Bxf5 exf5 12. 0-0 Be6 13. Bg5 Qd7 14. Rc1 0-0 15. Qd3 Bd8 16. Bxd8 Raxd8 17. Nb5 a6 18. Nc3 b5 19. Ne2 Ne7 20. Rc5 Rc8 21. Rfc1 Rxc5 22. dxc5 Nc6 23. Ned4 g6 24. Nxc6 Qxc6 25. Nd4 Qc7 26. f4 Kg7 27. a4 Rb8 28. axb5 axb5 29. Ra1 Qb7 30. Ra5 Bd7 31. Qc3 Bc6 32. Qa1 Qd7 33. e6 1-0

[Event "Steinfurt Bezirksliga 0809"]
[Site "Germany"]
[Date "2009.03.14"]
[Round "7.1"]
[White "Lueke, Reinhard"]
[Black "Herding, Rudolf"]
[Result "1-0"]
[WhiteElo "1883"]
[BlackElo "1664"]
[PlyCount "45"]
[EventDate "2008.09.27"]
[EventType "team-tourn"]
[EventRounds "9"]
[EventCountry "GER"]
[SourceTitle "EXT 2010"]
[Source "ChessBase"]
[SourceDate "2010.11.25"]
[SourceVersion "1"]
[SourceVersionDate "2010.11.25"]
[SourceQuality "1"]
[WhiteTeam "Emsdetten Turm III"]
[BlackTeam "Nordwalde II"]
[WhiteTeamCountry "GER"]
[BlackTeamCountry "GER"]

1. c4 Nf6 2. Nc3 e6 3. Nf3 d5 4. e3 c5 5. cxd5 exd5 6. d4 cxd4 7. Nxd4 Nc6 8. Bb5 Bd7 9. 0-0 Be7 10. a3 0-0 11. b4 Nxd4 12. Bxd7 Qxd7 13. Qxd4 Rac8 14. Rd1 Rc4 15. Qd3 Rd8 16. Bb2 b5 17. Ne2 Ne4 18. f3 Nf6 19. Rd2 Qc6 20. Rad1 Rh4 21. Nd4 Qc4 22. Qxc4 bxc4 23. Nf5 1-0

[Event "Steinfurt Bezirksliga 0708"]
[Site "Germany"]
[Date "2008.03.15"]
[Round "7.1"]
[White "Dehler, Markus"]
[Black "Herding, Rudolf"]
[Result "0-1"]
[WhiteElo "1614"]
[BlackElo "1716"]
[PlyCount "63"]
[EventDate "2007.09.22"]
[EventType "team-tourn"]
[EventRounds "9"]
[EventCountry "GER"]
[SourceTitle "EXT 2009"]
[Source "ChessBase"]
[SourceDate "2008.11.26"]
[SourceVersion "1"]
[SourceVersionDate "2008.11.26"]
[SourceQuality "1"]
[WhiteTeam "Steinfurt II"]
[BlackTeam "Nordwalde II"]
[WhiteTeamCountry "GER"]
[BlackTeamCountry "GER"]

1. e4 c5 2. d3 d6 3. g3 g6 4. Bg2 Bg7 5. f4 Nc6 6. Nf3 e5 7. c3 Nge7 8. 0-0 0-0 9. Na3 a6 10. Nc2 b5 11. Kh1 Kh8 12. d4 cxd4 13. cxd4 Nxd4 14. Ncxd4 exd4 15. Nxd4 Bb7 16. Be3 Qd7 17. Qd2 Rac8 18. Rac1 Rxc1 19. Rxc1 Rc8 20. Rd1 Rd8 21. Nb3 Nc6 22. e5 Ne7 23. Nc5 Bxg2+ 24. Qxg2 Qg4 25. Rd2 d5 26. Nxa6 Qf5 27. Nb4 Qc8 28. Qe2 Qf5 29. Bg1 d4 30. Rxd4 Rxd4 31. Bxd4 g5 32. Be3 0-1

[Event "Steinfurt Bezirksliga 0708"]
[Site "Germany"]
[Date "2007.09.22"]
[Round "1.2"]
[White "Holtmannspoetter, Michael"]
[Black "Herding, Rudolf"]
[Result "1/2-1/2"]
[WhiteElo "1640"]
[BlackElo "1716"]
[PlyCount "117"]
[EventDate "2007.09.22"]
[EventType "team-tourn"]
[EventRounds "9"]
[EventCountry "GER"]
[SourceTitle "EXT 2009"]
[Source "ChessBase"]
[SourceDate "2008.11.26"]
[SourceVersion "1"]
[SourceVersionDate "2008.11.26"]
[SourceQuality "1"]
[WhiteTeam "Reckenfeld"]
[BlackTeam "Nordwalde II"]
[WhiteTeamCountry "GER"]
[BlackTeamCountry "GER"]

1. e4 e5 2. Nf3 Nc6 3. Bc4 Bc5 4. c3 Nf6 5. d3 0-0 6. Bg5 h6 7. Bh4 Be7 8. Nbd2 d6 9. 0-0 Na5 10. Bb5 a6 11. Ba4 b5 12. Bc2 c5 13. b4 cxb4 14. cxb4 Nc6 15. a3 Bg4 16. Qb1 Qb6 17. Qb2 g5 18. Bg3 Nh5 19. Kh1 Be6 20. Bd1 Nxg3+ 21. fxg3 f6 22. Bb3 Bxb3 23. Qxb3+ Kg7 24. Rae1 Rac8 25. h3 Qd8 26. Nh2 Qe8 27. Qd1 Nd4 28. Nb1 Qg6 29. Nf3 Nxf3 30. gxf3 Rc6 31. Rf2 Rfc8 32. Kg2 Bd8 33. Rd2 Bb6 34. Ree2 Qf7 35. Rc2 Qb3 36. Rcd2 Qe6 37. Rc2 Qb3 38. Rcd2 Qxd1 39. Rxd1 Bd4 40. Kf1 Kf7 41. Ke1 Rc1 42. Kd2 R8c2+ 43. Ke1 Rc7 44. Kd2 R1c2+ 45. Ke1 Ke6 46. g4 Bc3+ 47. Kf1 Bb2 48. Ke1 Rxe2+ 49. Kxe2 Rc2+ 50. Rd2 Rxd2+ 51. Kxd2 d5 52. Kc2 Bd4 53. Kb3 Kd6 54. a4 dxe4 55. dxe4 Kc6 56. Na3 Bb6 57. Nb1 a5 58. Nc3 bxa4+ 59. Kxa4 1/2-1/2

[Event "Steinfurt Bezirksliga 0607"]
[Site "Germany"]
[Date "2007.04.28"]
[Round "9.2"]
[White "Herding, Rudolf"]
[Black "Lachmuth, Mathias"]
[Result "1/2-1/2"]
[WhiteElo "1645"]
[BlackElo "1764"]
[PlyCount "23"]
[EventDate "2006.09.09"]
[EventType "team-tourn"]
[EventRounds "9"]
[EventCountry "GER"]
[SourceTitle "EXT 2008"]
[Source "ChessBase"]
[SourceDate "2007.11.25"]
[SourceVersion "1"]
[SourceVersionDate "2007.11.25"]
[SourceQuality "1"]
[WhiteTeam "Nordwalde II"]
[BlackTeam "Emsdetten Rochade III"]
[WhiteTeamCountry "GER"]
[BlackTeamCountry "GER"]

1. d4 Nf6 2. c4 e6 3. Nc3 b6 4. Nf3 Bb7 5. e3 Bb4 6. Bd2 Bxc3 7. Bxc3 Ne4 8. Rc1 0-0 9. Bd3 f5 10. 0-0 d6 11. Nd2 Qg5 12. Qe2 1/2-1/2

[Event "Steinfurt Bezirksliga 0607"]
[Site "Germany"]
[Date "2006.09.30"]
[Round "2.2"]
[White "Herding, Rudolf"]
[Black "Van Dijk, Guido"]
[Result "1/2-1/2"]
[WhiteElo "1645"]
[BlackElo "1759"]
[PlyCount "75"]
[EventDate "2006.09.09"]
[EventType "team-tourn"]
[EventRounds "9"]
[EventCountry "GER"]
[SourceTitle "EXT 2008"]
[Source "ChessBase"]
[SourceDate "2007.11.25"]
[SourceVersion "1"]
[SourceVersionDate "2007.11.25"]
[SourceQuality "1"]
[WhiteTeam "Nordwalde II"]
[BlackTeam "Rheine Klein Berlin II"]
[WhiteTeamCountry "GER"]
[BlackTeamCountry "GER"]

1. d4 c5 2. dxc5 e6 3. e4 Bxc5 4. Nf3 Nf6 5. Bd3 d5 6. exd5 Nxd5 7. Bb5+ Bd7 8. Bxd7+ Nxd7 9. 0-0 Qb6 10. Nbd2 0-0 11. Nb3 Rad8 12. Qe2 h6 13. Nxc5 Qxc5 14. c4 N5f6 15. Be3 Qh5 16. Rfd1 b6 17. Rd4 Ne5 18. Rf4 Nfg4 19. h3 Nxe3 20. Qxe3 Nxf3+ 21. Rxf3 Qc5 22. Qe2 Rd4 23. Rc3 Rfd8 24. Rc2 Qg5 25. Qe3 Qf5 26. Rac1 Rd1+ 27. Kh2 R1d3 28. Qe2 Qf4+ 29. g3 Qd4 30. Kg2 Qc5 31. b3 a5 32. Qe4 g6 33. Re1 Qb4 34. Ree2 Rd1 35. Qe3 h5 36. Qc3 Qd6 37. Qe5 Qd3 38. Qc3 1/2-1/2

[Event "Muensterland Verbandsklasse-A 0506"]
[Site "Germany"]
[Date "2006.02.25"]
[Round "7.7"]
[White "Fehlings, Gerd"]
[Black "Herding, Rudolf"]
[Result "0-1"]
[WhiteElo "1734"]
[BlackElo "1645"]
[PlyCount "54"]
[EventDate "2005.09.03"]
[EventType "team-tourn"]
[EventRounds "9"]
[EventCountry "GER"]
[SourceTitle "EXT 2006"]
[Source "ChessBase"]
[SourceDate "2005.11.24"]
[SourceVersion "1"]
[SourceVersionDate "2005.11.24"]
[SourceQuality "1"]
[WhiteTeam "Emsdetten Rochade"]
[BlackTeam "Nordwalde"]
[WhiteTeamCountry "GER"]
[BlackTeamCountry "GER"]

1. d4 d5 2. Nf3 Nf6 3. Bf4 e6 4. e3 c5 5. c3 Nc6 6. Bd3 cxd4 7. exd4 Be7 8. Nbd2 a6 9. 0-0 0-0 10. h3 Bd6 11. Ne5 Qc7 12. Re1 Bxe5 13. dxe5 Ne8 14. Qh5 g6 15. Qh6 f5 16. exf6 Qf7 17. Nf3 Nxf6 18. Bd6 Re8 19. Ne5 Nxe5 20. Bxe5 Nd7 21. h4 Nxe5 22. Rxe5 Rf8 23. h5 Qxf2+ 24. Kh2 Rf4 25. Bf5 gxf5 26. Qg5+ Kf7 27. Kh3 Rg4 0-1

[Event "Muensterland Verbandsklasse-A 0506"]
[Site "Germany"]
[Date "2006.01.21"]
[Round "5.6"]
[White "Heine, Rolf"]
[Black "Herding, Rudolf"]
[Result "1-0"]
[WhiteElo "2029"]
[BlackElo "1645"]
[PlyCount "33"]
[EventDate "2005.09.03"]
[EventType "team-tourn"]
[EventRounds "9"]
[EventCountry "GER"]
[SourceTitle "EXT 2006"]
[Source "ChessBase"]
[SourceDate "2005.11.24"]
[SourceVersion "1"]
[SourceVersionDate "2005.11.24"]
[SourceQuality "1"]
[WhiteTeam "Sendenhorst"]
[BlackTeam "Nordwalde"]
[WhiteTeamCountry "GER"]
[BlackTeamCountry "GER"]

1. c4 e6 2. Nf3 Nf6 3. g3 g6 4. b3 b6 5. Bb2 Bb7 6. Bg2 Bg7 7. 0-0 0-0 8. d4 d5 9. Nc3 Nbd7 10. Qc2 Rc8 11. Rad1 Re8 12. Ne5 c6 13. Nd3 a6 14. e4 dxe4 15. Nxe4 Nxe4 16. Bxe4 Qc7 17. f4 1-0

[Event "Muensterland Verbandsklasse-A 0506"]
[Site "Germany"]
[Date "2005.09.03"]
[Round "1.7"]
[White "Herding, Rudolf"]
[Black "Michaelis, Ernst"]
[Result "0-1"]
[WhiteElo "1645"]
[BlackElo "1755"]
[PlyCount "78"]
[EventDate "2005.09.03"]
[EventType "team-tourn"]
[EventRounds "9"]
[EventCountry "GER"]
[SourceTitle "EXT 2006"]
[Source "ChessBase"]
[SourceDate "2005.11.24"]
[SourceVersion "1"]
[SourceVersionDate "2005.11.24"]
[SourceQuality "1"]
[WhiteTeam "Nordwalde"]
[BlackTeam "Muenster Indische Dame"]
[WhiteTeamCountry "GER"]
[BlackTeamCountry "GER"]

1. d4 Nf6 2. c4 g6 3. Nc3 Bg7 4. g3 d6 5. Bg2 0-0 6. Nf3 Nc6 7. 0-0 Re8 8. Re1 Bg4 9. h3 Bd7 10. e4 e5 11. dxe5 dxe5 12. a3 a5 13. Nd5 Qc8 14. Kh2 a4 15. Bd2 Na5 16. Bxa5 Rxa5 17. Qd2 b6 18. Rad1 Bc6 19. Qb4 Rc5 20. Nxf6+ Bxf6 21. Qc3 Qe6 22. Bf1 Qe7 23. Nd2 Ra5 24. Rc1 Bg5 25. Rc2 Rd8 26. Nf3 Bf6 27. Rd2 Rxd2 28. Nxd2 Qd6 29. Qd3 Qe7 30. Nb1 Qc5 31. Qf3 Bg7 32. Nc3 f5 33. Bd3 f4 34. Kg2 g5 35. Qg4 Qe7 36. Nd5 Bxd5 37. exd5 Ra8 38. gxf4 gxf4 39. Qxf4 Rf8 0-1

[Event "Steinfurt Bezirksklasse 0405"]
[Site "Germany"]
[Date "2004.12.04"]
[Round "5.1"]
[White "Herding, Rudolf"]
[Black "Mostafa, Riad"]
[Result "1-0"]
[WhiteElo "1641"]
[BlackElo "1223"]
[PlyCount "57"]
[EventDate "2004.09.18"]
[EventType "team-tourn"]
[EventRounds "11"]
[EventCountry "GER"]
[SourceTitle "EXT 2006"]
[Source "ChessBase"]
[SourceDate "2005.11.24"]
[SourceVersion "1"]
[SourceVersionDate "2005.11.24"]
[SourceQuality "1"]
[WhiteTeam "Nordwalde III"]
[BlackTeam "Steinfurt IV"]
[WhiteTeamCountry "GER"]
[BlackTeamCountry "GER"]

1. d4 d5 2. c4 Nf6 3. cxd5 Nxd5 4. e4 Nf6 5. Nc3 e6 6. Nf3 Bb4 7. Qa4+ Nc6 8. Bg5 Bxc3+ 9. bxc3 Qd7 10. Bxf6 gxf6 11. Bb5 a6 12. 0-0 Rb8 13. Be2 b5 14. Qc2 Bb7 15. Rad1 Ne7 16. c4 c6 17. c5 Ng6 18. Qd2 Qc7 19. Rfe1 Rd8 20. Qh6 Ke7 21. Bf1 Bc8 22. e5 fxe5 23. Nxe5 Nxe5 24. dxe5 Rxd1 25. Qf6+ Ke8 26. Qxh8+ Ke7 27. Qf6+ Kf8 28. Rxd1 a5 29. Rd8+ 1-0